| 000 | 00416nam a22001697a 4500 | ||
|---|---|---|---|
| 003 | SGT | ||
| 020 | _a9788186809921 | ||
| 082 |
_a617.643 _bO21B |
||
| 100 | _aBhalajhi, S. I. | ||
| 245 |
_aOrthodontics _bThe Art and Science |
||
| 250 | _a7th | ||
| 260 |
_aNew Delhi, India _bArya Medical Publishers Pvt. Ltd. _c2021 |
||
| 300 | _a681 | ||
| 650 | _aOrthodontics | ||
| 653 | _aOrthodontics | ||
| 942 |
_2ddc _cBK _0106 |
||
| 999 |
_c22720 _d22720 |
||